| 000 | 01016nab a2200205 i 4500 | ||
|---|---|---|---|
| 001 | 768714001 | ||
| 003 | CO-MdFUSB | ||
| 005 | 20240426090441.0 | ||
| 008 | 240425t1981 |||||||| |||| 00| 0 eng d | ||
| 040 |
_bspa _cCO-MdFUSB _dCO-MdFUSB |
||
| 041 | _aeng | ||
| 100 |
_aBubna, Donald L. _eautor |
||
| 245 |
_aRedemptive love : _bthe key to church discipline _c/ Donald L. Bubna |
||
| 300 |
_aVolumen 2, número 3 (summer, 1981), páginas: 77 - 85 _c; 27 cm |
||
| 520 | _aAmor redentor: la clave para la disciplina de la iglesia. ¿Se preocupan las iglesias lo suficiente por sus feligreses como para invocar las dimensiones bíblicas de la disciplina eclesiástica? Un pastor experimentado sugiere algunas maneras de hacerlo con amor cristiano y firmeza bíblica. | ||
| 546 | _aTexto en inglés. | ||
| 650 | 7 |
_aAmor _xAspectos religiosos _vCristianismo _9255 |
|
| 773 | 0 |
_068780 _982549 _oR2483 _tLeadership : _w(CO-MdFUSB)768714001 _gVolumen 2, número 3 (summer, 1981), páginas: 77 - 85 _qpágina: 77 |
|
| 942 | _cANA | ||
| 999 |
_c69389 _d69389 |
||